000 00705nam a2200205 a 4500
003 AM-YeHGA
005 20250618075445.0
008 090629s1964 |||| |||||||||| | rus c
040 _aAM-YeHGA
041 0 _arus
100 1 _aԴրամբյան, Ռուբեն Գրիգորի,
_d1851-1991
_93308
245 1 0 _aСарьян /
_cР.Г. Дрампян.
260 _aМосква :
_bИскусство,
_c1964.
300 _a127 с. :
_bилл., портр.
600 1 4 _aСарьян, Мартирос Сергеевич
650 1 4 _aЖивопись
856 4 _uhttps://arar.sci.am/dlibra/publication/329981/edition/301193/content
_yԿարդալ առցանց
942 _2udc
_cBK
090 _c468203
999 _c465006
_d465006